[Event "Otwarty Turniej Szachowy w ramach Mistrz"]
[Site "MDK nr 2 ul. Leszczynskiego 42"]
[Date "2016.10.30"]
[Round "5.10"]
[White "Paprocki, Antoni"]
[Black "Stylinski, Piotr  "]
[Result "0-1"]
[WhiteElo "1357"]
[BlackElo "1832"]
[PlyCount "64"]
[EventDate "2016.??.??"]

1. e4 {[%emt 0:00:00]} c6 {[%emt 0:00:00]} 2. d4 d5 3. exd5 cxd5 4. Bd3 Nc6 5.
c3 Nf6 6. Bf4 Bg4 7. Nf3 e6 8. Nbd2 Bd6 9. Be3 Qc7 10. h3 Bh5 11. Qc2 Bg6 12.
Bxg6 hxg6 13. a3 a6 14. Rc1 b5 15. b4 Qb7 16. a4 O-O 17. a5 Rac8 18. Qd1 e5 19.
dxe5 Nxe5 20. Nb3 Nc4 21. Bd4 Rfe8+ 22. Kf1 Ne4 23. Nbd2 Qc6 24. Nxe4 dxe4 25.
Ne1 e3 26. Rc2 exf2 27. Bxf2 Ne3+ 28. Bxe3 Rxe3 29. Nf3 Bg3 30. Rc1 Rce8 31.
Qd2 Rxf3+ 32. Kg1 Rfe3 0-1